000 02573nam0a2200361 4500
001 RU\NLR\BIBL_A\012737030
005 20220422092859.0
010 _a978-5-907114-74-6
_9200
021 _aRU
_bКН-П-21-085008
_9КН-П-21-6771
035 _a(NLR Aleph) 012737030
035 _a(RuMoRGB)010907092
090 _a12990422
_c12990422
100 _a20220322d2020 u y0rusy50 ca
101 1 _arus
_ceng
102 _aRU
105 _aa|||j|||001zy
200 1 _aС++
_eполное руководство
_eклассическое издание
_eперевод с английского
_fГерберт Шилдт
210 _aМосква
_aСанкт-Петербург
_cДиалектика
_d2020
215 _a796 с.
_cил., табл.
_d24
300 _aЗагл. и авт. ориг.: C++ / Herbert Schildt
320 _aПредм. указ.: с. 787-796
330 _aАвторитетный профессионал и блестящий автор книг по программированию, Герберт Шилдт переработал и дополнил свой, ставший уже классическим, справочник по C++. Шилдт продемонстрировал и подобно разъяснил каждый аспект языка C++, включая ключевые слова, операторы, директивы препроцессора и библиотеки. В справочнике перечислены даже ключевые слова, используемые в программировании на платформе.NET. Все это описано кратко и доходчиво, в присущем автору стиле, принесшем ему заслуженную славу. Информация, содержащаяся в справочнике, будет полезна как начинающему программисту, так и опытному профессионалу
454 0 _12001#$aC++$fHerbert Schildt
_1700#1$aSchildt$bH.$gHerbert
606 1 _aC++, язык программирования
_jРуководства, пособия и т.п
_2nlr_sh1
_2nlr_sh2
_3RU\NLR\AUTH\661246828
610 0 _aС++
675 _a004.438
_v4
686 _aЗ973.2-018.19C++,0
_2rubbk
686 1 _aЗ973.23-018.1я7
700 1 _aШилдт
_bГ.
_gГерберт
_3RU\NLR\AUTH\777454
942 _cBOOK
980 _aNB